Rozpoznaj polskie miasta po zdjęciach #9 - Statystyki

Ogólne statystyki
  • Ten quiz został rozwiązany 69 razy
  • Średni wynik to 2 z 8
Statystyki odpowiedzi
Obrazkowy Odpowiedź % Poprawnych
Sandomierz
95%
Nysa
29%
Chojnice
22%
Strzegom
18%
Brzesko
9%
Lubań
9%
Świecie
9%
Mława
7%
Nie znaleziono quizów pasujących do podanych kryteriów
Rozkład punktacji
Procent ludzi z każdym wynikiem
Percentyl według liczby udzielonych odpowiedzi
Twoja historia wyników
Nie rozwiązałeś tego quizu